| 000 | 00537nam a2200205Ia 4500 | ||
|---|---|---|---|
| 005 | 20250326140530.0 | ||
| 008 | 250326s9999 xx 000 0 und d | ||
| 020 | _a0-273-63429-1 | ||
| 037 | _aTextbook | ||
| 040 |
_aFMSL _beng _cFMSL |
||
| 041 |
_aeng _2eng |
||
| 084 |
_aX:74.1 N9 _qFMSL |
||
| 100 | _aBennett Roger | ||
| 245 | 0 |
_aInternational business _cBennett Roger |
|
| 250 | _a2 | ||
| 260 |
_aLondon _bLondon, Ficial Times _c1999 |
||
| 300 | _axiv,402 | ||
| 942 |
_cTB _hX:74.1 N9 |
||
| 999 |
_c1286188 _d1286188 |
||